Combination of vulcanization accelerators and their influence to the properties of NR latex films (Record no. 45526)

MARC details
000 -LEADER
fixed length control field 00475nam a2200169Ia 4500
100 ## - MAIN ENTRY--AUTHOR NAME
Personal name Jelencic J
245 #0 - TITLE STATEMENT
Title Combination of vulcanization accelerators and their influence to the properties of NR latex films
260 ## - PUBLICATION, DISTRIBUTION, ETC. (IMPRINT)
Name of publisher Kautschuk Gummi Kunststoffe
Year of publication 1988
300 ## - PHYSICAL DESCRIPTION
Number of Pages 555-557
650 ## - SUBJECT ADDED ENTRY--TOPICAL TERM
Topical Term NR latex films
650 ## - SUBJECT ADDED ENTRY--TOPICAL TERM
Topical Term Vulcanizatiion
700 ## - ADDED ENTRY--PERSONAL NAME
Personal name Biga N
700 ## - ADDED ENTRY--PERSONAL NAME
Personal name Bravar M
700 ## - ADDED ENTRY--PERSONAL NAME
Personal name Wolf N
942 ## - ADDED ENTRY ELEMENTS (KOHA)
Koha item type Reprints
Holdings
Withdrawn status Lost status Damaged status Not for loan Home library Current library Shelving location Date acquired Serial Enumeration / chronology Accession Number Koha item type
      Reprints RRII Library RRII Library Rubber chemistry 22/12/2021 Volume 41, Issue 6 P01252 Reprints